Peripherie von Informationssystemen Technologie und Anwendung

Gespeichert in:
Bibliographische Detailangaben
1. Verfasser: Proebster, Walter E.
Format: Buch
Sprache:Deutsch
Veröffentlicht: Berlin Springer 1987
Ausgabe:1. Aufl.
Tags: Tag hinzufügen
Keine Tags, Fügen Sie das erste Tag hinzu!

MARC

LEADER 00000nam a2200000 4500
001 c031850
005 20221206140255.6
041 0 |a ger 
044 |a DE 
245 1 0 |a Peripherie von Informationssystemen  |b Technologie und Anwendung  |c Walter E. Proebster 
250 |a 1. Aufl. 
264 1 |a Berlin  |b Springer  |c 1987 
300 |a 262 s. 
100 1 |a Proebster, Walter E.